Statystyki dla Odgadnij państwo po opisie flagi. Ale Słowami

Kliknij tutaj aby rozwiązać quiz!

Ogólne statystyki

  • Ten quiz został rozwiązany 57 razy
  • Średni wynik to 8 z 15

Statystyki odpowiedzi

HintOdpowiedź% Poprawnych
Flaga tego państwa posiada biały u góry i czerwony na dolePolska
100%
Flaga tego państwa posiada 50 gwiazdekStany Zjednoczone
93%
Flaga tego państwa posiada czerwone tło biały Księżyc i białą gwiazdęTurcja
89%
Flaga tego państwa posiada całe zielone tło i tekstArabia Saudyjska
83%
Flaga tego państwa posiada jako jedyna nie jest czworokątemNepal
70%
Flaga tego państwa z czerwoną kropką jest najczęściej odgadywana na JetpunkuJaponia
61%
Flaga tego afrykańskiego państwa jest niemal identyczna z flaga tego europejskiego państwaCzad
48%
Flaga tego państwa posiada biały u góry, niebieski na środku i czerwony na doleRosja
48%
Flaga tego państwa posiada Pomarańczowy pasek po Lewej stronie flagiWybrzeże Kości Słoniowej
41%
Gwiazdy na fladze tego najczęściej odgadywanego państwa przedstawiają gwiazdozbiór krzyża południaAustralia
37%
Flaga tego państwa posiada dwa na dole i u góry niebieskie pasy i wyróżniającą się gwiazdę na środku flagiIzrael
33%
Szacuje się że flaga tego państwa istnieję już od 1219 roku i dalej się nie zmieniaDania
28%
Jeden z pasów na fladze tego państwa jest grubszy od innych i nie posiada żadnych symboliKolumbia
28%
Flaga tego państwa posiada najwięcej koloru różowegoHiszpania
17%
Flaga tego Afrykańskiego państwa posiada herb na środku flagi w niebieskim kółkuEtiopia
15%

Rozkład punktacji

Percentyl według liczby udzielonych odpowiedzi

Procent ludzi z każdym wynikiem

Twoja historia wyników

Nie rozwiązałeś tego quizu